|
|
|
|
| LEADER |
00000nab a2200000 a 4500 |
| 001 |
vtls000598621 |
| 003 |
SK-MaSNL |
| 005 |
20260303191903.0 |
| 008 |
121001c1996 xo 0 slo |
| 015 |
|
|
|a SNBRB19rr/mm-uuuuu
|
| 035 |
|
|
|a CL0598760
|
| 040 |
|
|
|a SNKBUCL
|b slo
|c SNKBUCL
|e AACR2
|
| 041 |
0 |
|
|a slo
|
| 044 |
|
|
|a xo
|c SK
|
| 080 |
|
|
|a 78.091.4:787
|2 1981
|
| 080 |
|
|
|a 787
|2 1981
|
| 100 |
1 |
|
|a Gašpar, Peter
|4 aut
|9 9639
|
| 245 |
1 |
0 |
|a "Trnavčania sú na dobrej ceste"
|b Rozhovor s Petrom Gašparom, prezidentom Slovenskej asociácie hudby country
|c Peter Gašpar, Miro Čevela
|
| 300 |
|
|
|b Obr. 1
|
| 611 |
2 |
7 |
|a Dobrofest
|d (1996 : Trnava, Slovensko)
|2 snkbucl
|9 1221770
|
| 655 |
|
7 |
|a články z novín a časopisov
|2 snkbucl
|9 267496
|
| 700 |
1 |
|
|a Čevela, Miroslav
|4 aut
|9 9726
|
| 773 |
0 |
|
|t Smena na nedeľu
|g Roč. 30, č. 37 (12. 9. 1996), s. 11
|
| 850 |
|
|
|a Slovenská národná knižnica v Martine
|a MTA001
|
| 852 |
|
|
|a SNK
|b KIS3GCP
|
| 958 |
|
|
|a RK
|
| 992 |
|
|
|a RBX
|
| 999 |
|
|
|c 2143457
|d 2145387
|